| 000 | 02124cam a2200385Ia 4500 | ||
|---|---|---|---|
| 001 | 33038675 | ||
| 003 | OCoLC | ||
| 005 | 20150818140305.0 | ||
| 008 | 950825s1987 miu b 000 0 eng d | ||
| 010 | _z87003356 | ||
| 020 | _a031040200X | ||
| 020 | _a9780310402008 | ||
| 020 | _a0310442206 | ||
| 020 | _a9780310442202 | ||
| 041 | 0 |
_aeng _aheb |
|
| 050 | 1 | 4 |
_aBS715 _b1987b |
| 092 |
_a221.44 _bAI |
||
| 130 | 0 |
_aBible. _pOld Testament. _lHebrew. _f1987. |
|
| 245 | 1 | 4 |
_aThe interlinear NIV Hebrew-English Old Testament / _c[edited by] John R. Kohlenberger III. |
| 246 | 3 | _aNIV interlinear Hebrew-English Old Testament. | |
| 246 | 3 | _aNIV Hebrew-English Old Testament. | |
| 246 | 3 | _aHebrew-English Old Testament. | |
| 246 | 3 | 0 | _aInterlinear Hebrew-English Old Testament. |
| 260 |
_aGrand Rapids, Mich. : _bZondervan Pub. House, _c©1987. |
||
| 300 |
_axxxvi, 586, 512, 601, 591 pages ; _c25 cm. |
||
| 490 | 1 | _aZondervan Hebrew reference series. | |
| 500 | _aOriginally published 1979-1985 in four separate volumes under title: The NIV interlinear Hebrew-English Old Testament. | ||
| 504 | _aIncludes bibliographical references. | ||
| 520 | _aMain Features:The standard Hebrew text, Biblia Hebraica Stuttgartensia, with all necessary variant readings and major textual conjectures in footnotesThe New International Version (North American Edition) as the English parallel text, complete with special indentation and paragraphing, section headings, and footnotesA grammatically literal, word-for-word translation with English phrases reading in normal left-to-right order for renderings of specific Hebrew wordsA complete introduction explaining translation techniques and characteristics of the Hebrew and English textsA special introduction for the general reader on how to use an interlinear for word studies and learning Hebrew. | ||
| 630 | 0 | 0 |
_aBible. _pOld Testament. _lEnglish _vInterlinear translations. |
| 700 | 1 |
_aKohlenberger, John R., _cIII, _d1951- |
|
| 730 | 0 | 2 |
_aBible. _pOld Testament. _lEnglish. _sNew International. _f1987. |
| 830 | 0 | _aZondervan Hebrew reference series. | |
| 942 |
_2lcc _cBK |
||
| 999 |
_c39392 _d39392 |
||